| 000 | 00358nam a2200133Ia 4500 | ||
|---|---|---|---|
| 008 | 240624s9999 xx 000 0 und d | ||
| 041 | _aeng | ||
| 082 | _a338.0973 NOH | ||
| 100 | _aNOHRIA NITIN | ||
| 245 | _aCHANGING FORTUNES REMAKING THE INDUSTRIA | ||
| 260 |
_c2002 _aNew York _bJohn Wiley and Sons |
||
| 300 | _axiii, : 320 : p. : cm. ; 24 | ||
| 365 |
_c _b35 |
||
| 999 |
_c7516 _d7516 |
||